David copperfield

Bibliographic Details
Main Author: Dickens,Charles
Format: Book
Published: Selangor : Sunshine Publishers , 1997
Series:Illustrated classics
Subjects:

MARC

LEADER 00000cam a2200000 7i4500
001 0000053247
005 20201102.0
008 151020
020 |a 9789831160046 
020 |a 9831160045 
090 0 0 |a AD   |b ENG 
100 1 |a Dickens,Charles 
245 1 0 |a David copperfield   |c Charles Dickens 
260 |a Selangor :   |b Sunshine Publishers ,   |c 1997 
490 0 |a Illustrated classics 
650 0 |a English fiction 
999 |a 0000773012   |b Book   |c Children Collection   |e Cawangan Pontian 
999 |a 0000773013   |b Book   |c Children Collection   |e Cawangan Pontian 
999 |a 0000773014   |b Book   |c Adult Collection   |e Cawangan Pontian 
999 |a 0000773015   |b Book   |c Adult Collection   |e Cawangan Pontian 
999 |a 0000773016   |b Book   |c Adult Collection   |e Cawangan Pontian 
999 |a 0000793941   |b Book   |c Children Collection   |e Cawangan Segamat 
999 |a 0000793942   |b Book   |c Children Collection   |e Cawangan Segamat 
999 |a 0000874232   |b Book   |c Children Collection   |e Cawangan Bandar Penawar